banner-ar

صدام لم يعدم وعدى وقصى لم يقتلا : (Record no. 9512)

MARC details
000 -الفاتح
حقل البيانات ثابتة الطول 00847nam a2200217Ia 4500
008 - عناصر البيانات ثابتة الطول - معلومات عامة
حقل البيانات ثابتة الطول 140319s9999 xx 000 0 ara d
020 ## - الرقم الدولى المعيارى للكتب
الرقم الدولى المعيارى للكتاب 676208977
040 ## - مصدر الفهرسة
وكالة الفهرسة الأصلية GCL /
وكالة النسخ GCL
082 04 - رقم تصنيف ديوى العشرى
رقم التصنيف 327.117
رقم المادة أ ص
100 1# - المدخل الرئيسى - إسم شخصى
الإسم الشخصى انيس الدغيدى
245 10 - بيان العنوان
العنوان صدام لم يعدم وعدى وقصى لم يقتلا :
بقية العنوان أكاذيب أمريكا وأسرار لعبة الشبيه /
بيان المسئوليه,etc انيس الدغيدى
250 ## - بيان الطبعة
بيان الطبعة الاولى
260 ## - PUBLICATION, DISTRIBUTION, ETC. (IMPRINT)
تاريخ النشر أو التوزيع 2007
300 ## - الوصف المادى
التعداد 362 ص ؛
أبعاد الوعاء 24 سم
650 04 - المدخل الاضافى بالموضوع-مصطلح موضوعى
مصطلح موضوعي العراق - الاحوال السياسية
650 04 - المدخل الاضافى بالموضوع-مصطلح موضوعى
مصطلح موضوعي العراق - تاريخ - العصر الحديث - الاحتلال الامريكي
650 04 - المدخل الاضافى بالموضوع-مصطلح موضوعى
مصطلح موضوعي صدام حسين - عقوبة الاعدام
650 04 - المدخل الاضافى بالموضوع-مصطلح موضوعى
مصطلح موضوعي جورج بوش ( الابن )
942 ## - عناصر المدخل الإضافي( كوها)
مصدر التصنيف او مخطط الترفيف Dewey Decimal Classification
Koha [default] item type كتاب
260 ## - PUBLICATION, DISTRIBUTION, ETC. (IMPRINT)
-- القاهرة :
-- مكتبة مدبولى ،
Holdings
حالة التراجع حالة الفقد حالة تلف ليس للاعارة المكان المؤقت الموقع الحالى تاريخ الاكتساب اجمالي اﻻعارات رقم الطلب الباركود تاريخ اخر مشاهدة تاريخ تفعيل السعر نوع وعاء كوها
        مكتبة القاهرة الكبرى مكتبة القاهرة الكبرى 03/26/2014   327.117\أ ص 19816 03/26/2014 03/26/2014 كتاب
        مكتبة القاهرة الكبرى مكتبة القاهرة الكبرى 03/26/2014   327.117\أ ص 19817 03/26/2014 03/26/2014 كتاب

Powered By

EGPV